| 000 | 00541nam a22002057a 4500 | ||
|---|---|---|---|
| 003 | OSt | ||
| 005 | 20140310182928.0 | ||
| 008 | 130130t xxu||||| |||| 00| 0 eng d | ||
| 020 | _a9789712355790 | ||
| 050 |
_aPE 1112 _b.M311 2010 |
||
| 082 |
_aFIL 425 _2C11 2010 |
||
| 245 |
_aEnhancing reading and writing / _cMarapia-Cabagui, Gloria |
||
| 260 |
_aManila _bRex Bookstore _c2010 |
||
| 300 |
_axii, 105 p. _c22 cm |
||
| 521 | _acollege students | ||
| 526 | _c1210L-1700L | ||
| 541 | _j1 | ||
| 562 | _e1 | ||
| 942 |
_2lcc _cBK _kFIL |
||
| 999 |
_c17472 _d17472 |
||